what album does the song belong to - taylor swift ✩2✩ - Statistics

General Stats
  • This quiz has been taken 33 times
  • The average score is 200 of 240
Answer Stats
Question Tile Select % Correct
my boy was a montage a slow-motion, love potion, jumping off things in the ocean No
96%
my boy was a montage a slow-motion, love potion, jumping off things in the ocean No
96%
my boy was a montage a slow-motion, love potion, jumping off things in the ocean No
96%
my boy was a montage a slow-motion, love potion, jumping off things in the ocean No
96%
my boy was a montage a slow-motion, love potion, jumping off things in the ocean No
96%
my boy was a montage a slow-motion, love potion, jumping off things in the ocean No
96%
my boy was a montage a slow-motion, love potion, jumping off things in the ocean No
96%
my boy was a montage a slow-motion, love potion, jumping off things in the ocean No
96%
or does she mouth, "fuck you forever"? No
96%
or does she mouth, "fuck you forever"? No
96%
or does she mouth, "fuck you forever"? No
96%
or does she mouth, "fuck you forever"? No
96%
or does she mouth, "fuck you forever"? No
96%
or does she mouth, "fuck you forever"? No
96%
and how the blood rushed into my cheeks No
96%
and how the blood rushed into my cheeks No
96%
and how the blood rushed into my cheeks No
96%
and how the blood rushed into my cheeks No
96%
and how the blood rushed into my cheeks No
96%
and how the blood rushed into my cheeks No
96%
and how the blood rushed into my cheeks No
96%
who could ever leave me darling? but who could stay? No
96%
who could ever leave me darling? but who could stay? No
96%
who could ever leave me darling? but who could stay? No
96%
who could ever leave me darling? but who could stay? No
96%
who could ever leave me darling? but who could stay? No
96%
who could ever leave me darling? but who could stay? No
96%
who could ever leave me darling? but who could stay? No
96%
who could ever leave me darling? but who could stay? No
96%
who could ever leave me darling? but who could stay? No
96%
who could ever leave me darling? but who could stay? No
96%
my boy was a montage a slow-motion, love potion, jumping off things in the ocean No
93%
my boy was a montage a slow-motion, love potion, jumping off things in the ocean No
93%
or does she mouth, "fuck you forever"? No
93%
or does she mouth, "fuck you forever"? No
93%
or does she mouth, "fuck you forever"? No
93%
or does she mouth, "fuck you forever"? No
93%
and how the blood rushed into my cheeks No
93%
and how the blood rushed into my cheeks No
93%
and how the blood rushed into my cheeks No
93%
and how the blood rushed into my cheeks No
93%
who could ever leave me darling? but who could stay? No
93%
who could ever leave me darling? but who could stay? Yes
93%
or does she mouth, "fuck you forever"? No
89%
your love is a secret i'm hoping, dreaming, dying to keep No
89%
your love is a secret i'm hoping, dreaming, dying to keep No
89%
your love is a secret i'm hoping, dreaming, dying to keep No
89%
your love is a secret i'm hoping, dreaming, dying to keep No
89%
your love is a secret i'm hoping, dreaming, dying to keep No
89%
your love is a secret i'm hoping, dreaming, dying to keep No
89%
crescent moon, coast is clear spring breaks loose, but so does fear No
89%
crescent moon, coast is clear spring breaks loose, but so does fear No
89%
crescent moon, coast is clear spring breaks loose, but so does fear No
89%
crescent moon, coast is clear spring breaks loose, but so does fear No
89%
crescent moon, coast is clear spring breaks loose, but so does fear No
89%
we show off our scarlet letters trust me, mine is better No
89%
we show off our scarlet letters trust me, mine is better No
89%
we show off our scarlet letters trust me, mine is better No
89%
we show off our scarlet letters trust me, mine is better No
89%
we show off our scarlet letters trust me, mine is better No
89%
we show off our scarlet letters trust me, mine is better No
89%
we show off our scarlet letters trust me, mine is better No
89%
we show off our scarlet letters trust me, mine is better No
89%
we show off our scarlet letters trust me, mine is better No
89%
now you hang from my lips like the garden of babylon No
89%
now you hang from my lips like the garden of babylon No
89%
now you hang from my lips like the garden of babylon No
89%
now you hang from my lips like the garden of babylon No
89%
now you hang from my lips like the garden of babylon No
89%
now you hang from my lips like the garden of babylon No
89%
now you hang from my lips like the garden of babylon No
89%
just thinking of you when she pulled up like a figment of my worst intentions No
89%
just thinking of you when she pulled up like a figment of my worst intentions No
89%
just thinking of you when she pulled up like a figment of my worst intentions No
89%
just thinking of you when she pulled up like a figment of my worst intentions No
89%
just thinking of you when she pulled up like a figment of my worst intentions No
89%
just thinking of you when she pulled up like a figment of my worst intentions No
89%
just thinking of you when she pulled up like a figment of my worst intentions No
89%
just thinking of you when she pulled up like a figment of my worst intentions No
89%
you said it was a great love one for the ages No
89%
you said it was a great love one for the ages No
89%
you said it was a great love one for the ages No
89%
you said it was a great love one for the ages No
89%
you said it was a great love one for the ages No
89%
you said it was a great love one for the ages No
89%
my boy was a montage a slow-motion, love potion, jumping off things in the ocean No
86%
and there you are on your knees beggin' for forgiveness, beggin' for me No
86%
and there you are on your knees beggin' for forgiveness, beggin' for me No
86%
and there you are on your knees beggin' for forgiveness, beggin' for me No
86%
and there you are on your knees beggin' for forgiveness, beggin' for me No
86%
and there you are on your knees beggin' for forgiveness, beggin' for me No
86%
and there you are on your knees beggin' for forgiveness, beggin' for me No
86%
and there you are on your knees beggin' for forgiveness, beggin' for me No
86%
your love is a secret i'm hoping, dreaming, dying to keep No
86%
your love is a secret i'm hoping, dreaming, dying to keep No
86%
crescent moon, coast is clear spring breaks loose, but so does fear No
86%
crescent moon, coast is clear spring breaks loose, but so does fear No
86%
crescent moon, coast is clear spring breaks loose, but so does fear No
86%
we show off our scarlet letters trust me, mine is better No
86%
we show off our scarlet letters trust me, mine is better No
86%
you're the kind of reckless that should send me running No
86%
you're the kind of reckless that should send me running No
86%
you're the kind of reckless that should send me running No
86%
you're the kind of reckless that should send me running No
86%
you're the kind of reckless that should send me running No
86%
you're the kind of reckless that should send me running No
86%
you're the kind of reckless that should send me running No
86%
i hate that because of you, i can't love you No
86%
i hate that because of you, i can't love you No
86%
i hate that because of you, i can't love you No
86%
i hate that because of you, i can't love you No
86%
i hate that because of you, i can't love you No
86%
now you hang from my lips like the garden of babylon No
86%
now you hang from my lips like the garden of babylon No
86%
just thinking of you when she pulled up like a figment of my worst intentions No
86%
just thinking of you when she pulled up like a figment of my worst intentions No
86%
you took the time to memorize me my fears, my hopes and dreams No
86%
you took the time to memorize me my fears, my hopes and dreams No
86%
you took the time to memorize me my fears, my hopes and dreams No
86%
you took the time to memorize me my fears, my hopes and dreams No
86%
you took the time to memorize me my fears, my hopes and dreams No
86%
you're still all over me like a wine-stained dress i can't wear anymore No
86%
you're still all over me like a wine-stained dress i can't wear anymore No
86%
you're still all over me like a wine-stained dress i can't wear anymore No
86%
you're still all over me like a wine-stained dress i can't wear anymore No
86%
you're still all over me like a wine-stained dress i can't wear anymore No
86%
you said it was a great love one for the ages No
86%
you said it was a great love one for the ages No
86%
you said it was a great love one for the ages No
86%
you said it was a great love one for the ages No
86%
there's no time for tears i'm just sitting here planning my revenge No
82%
there's no time for tears i'm just sitting here planning my revenge No
82%
there's no time for tears i'm just sitting here planning my revenge No
82%
there's no time for tears i'm just sitting here planning my revenge No
82%
there's no time for tears i'm just sitting here planning my revenge No
82%
there's no time for tears i'm just sitting here planning my revenge No
82%
there's no time for tears i'm just sitting here planning my revenge No
82%
cut me into pieces gold cage, hostage to my feelings No
82%
cut me into pieces gold cage, hostage to my feelings No
82%
cut me into pieces gold cage, hostage to my feelings No
82%
cut me into pieces gold cage, hostage to my feelings No
82%
cut me into pieces gold cage, hostage to my feelings No
82%
cut me into pieces gold cage, hostage to my feelings No
82%
cut me into pieces gold cage, hostage to my feelings No
82%
and there you are on your knees beggin' for forgiveness, beggin' for me No
82%
your love is a secret i'm hoping, dreaming, dying to keep No
82%
your love is a secret i'm hoping, dreaming, dying to keep No
82%
your love is a secret i'm hoping, dreaming, dying to keep No
82%
crescent moon, coast is clear spring breaks loose, but so does fear No
82%
crescent moon, coast is clear spring breaks loose, but so does fear No
82%
crescent moon, coast is clear spring breaks loose, but so does fear No
82%
we show off our scarlet letters trust me, mine is better Yes
82%
you're the kind of reckless that should send me running No
82%
you're the kind of reckless that should send me running No
82%
and how the blood rushed into my cheeks Yes
82%
i hate that because of you, i can't love you No
82%
i hate that because of you, i can't love you No
82%
i hate that because of you, i can't love you No
82%
now you hang from my lips like the garden of babylon No
82%
just thinking of you when she pulled up like a figment of my worst intentions No
82%
you took the time to memorize me my fears, my hopes and dreams No
82%
you took the time to memorize me my fears, my hopes and dreams No
82%
you told me you loved me so why did you go away? No
82%
you told me you loved me so why did you go away? No
82%
you told me you loved me so why did you go away? No
82%
you told me you loved me so why did you go away? No
82%
you told me you loved me so why did you go away? No
82%
you told me you loved me so why did you go away? No
82%
you're still all over me like a wine-stained dress i can't wear anymore No
82%
you're still all over me like a wine-stained dress i can't wear anymore No
82%
you're still all over me like a wine-stained dress i can't wear anymore No
82%
you're still all over me like a wine-stained dress i can't wear anymore No
82%
you're still all over me like a wine-stained dress i can't wear anymore No
82%
you're still all over me like a wine-stained dress i can't wear anymore No
82%
you said it was a great love one for the ages No
82%
there's no time for tears i'm just sitting here planning my revenge No
79%
there's no time for tears i'm just sitting here planning my revenge No
79%
cut me into pieces gold cage, hostage to my feelings No
79%
cut me into pieces gold cage, hostage to my feelings No
79%
cut me into pieces gold cage, hostage to my feelings No
79%
my boy was a montage a slow-motion, love potion, jumping off things in the ocean Yes
79%
and there you are on your knees beggin' for forgiveness, beggin' for me No
79%
they're dimming the street lights, you're perfect for me why aren't you here tonight? No
79%
they're dimming the street lights, you're perfect for me why aren't you here tonight? No
79%
they're dimming the street lights, you're perfect for me why aren't you here tonight? No
79%
they're dimming the street lights, you're perfect for me why aren't you here tonight? No
79%
they're dimming the street lights, you're perfect for me why aren't you here tonight? No
79%
they're dimming the street lights, you're perfect for me why aren't you here tonight? No
79%
they're dimming the street lights, you're perfect for me why aren't you here tonight? No
79%
you're the kind of reckless that should send me running No
79%
i hate that because of you, i can't love you No
79%
now you hang from my lips like the garden of babylon No
79%
you took the time to memorize me my fears, my hopes and dreams No
79%
you took the time to memorize me my fears, my hopes and dreams No
79%
you told me you loved me so why did you go away? No
79%
you told me you loved me so why did you go away? No
79%
you told me you loved me so why did you go away? No
79%
there's no time for tears i'm just sitting here planning my revenge No
75%
ain't no use defending words that you will never say No
75%
ain't no use defending words that you will never say No
75%
ain't no use defending words that you will never say No
75%
ain't no use defending words that you will never say No
75%
and there you are on your knees beggin' for forgiveness, beggin' for me No
75%
or does she mouth, "fuck you forever"? Yes
75%
they're dimming the street lights, you're perfect for me why aren't you here tonight? No
75%
i hate that because of you, i can't love you No
75%
just thinking of you when she pulled up like a figment of my worst intentions Yes
75%
you took the time to memorize me my fears, my hopes and dreams No
75%
you took the time to memorize me my fears, my hopes and dreams No
75%
you told me you loved me so why did you go away? No
75%
ain't no use defending words that you will never say No
71%
ain't no use defending words that you will never say No
71%
ain't no use defending words that you will never say No
71%
ain't no use defending words that you will never say No
71%
and there you are on your knees beggin' for forgiveness, beggin' for me No
71%
they're dimming the street lights, you're perfect for me why aren't you here tonight? No
71%
they're dimming the street lights, you're perfect for me why aren't you here tonight? No
71%
you're the kind of reckless that should send me running No
71%
i hate that because of you, i can't love you No
71%
you told me you loved me so why did you go away? No
71%
ain't no use defending words that you will never say No
68%
ain't no use defending words that you will never say No
68%
now you hang from my lips like the garden of babylon Yes
68%
you're still all over me like a wine-stained dress i can't wear anymore Yes
68%
you said it was a great love one for the ages Yes
68%
ain't no use defending words that you will never say No
64%
cut me into pieces gold cage, hostage to my feelings No
64%
there's no time for tears i'm just sitting here planning my revenge No
61%
your love is a secret i'm hoping, dreaming, dying to keep Yes
61%
they're dimming the street lights, you're perfect for me why aren't you here tonight? No
61%
cut me into pieces gold cage, hostage to my feelings Yes
57%
crescent moon, coast is clear spring breaks loose, but so does fear Yes
57%
you're the kind of reckless that should send me running Yes
57%
you told me you loved me so why did you go away? Yes
57%
and there you are on your knees beggin' for forgiveness, beggin' for me Yes
54%
there's no time for tears i'm just sitting here planning my revenge Yes
50%
you took the time to memorize me my fears, my hopes and dreams Yes
46%
they're dimming the street lights, you're perfect for me why aren't you here tonight? Yes
43%
i hate that because of you, i can't love you Yes
43%
ain't no use defending words that you will never say Yes
36%
No matching quizzes found
Score Distribution
Percent of People with Each Score
Percentile by Number Answered
Your Score History
You have not taken this quiz